02150nam a2200361 a 4500001001000000003000900010005001700019007000300036008003700039040003100076049000600107082002700113100004600140245009800186264003600284300002700320336002700347337003300374338002800407490003100435505089200466590002601358650003401384650004601418651004501464700002201509700002301531710004301554910004101597942001201638952012101650999001701771000020168DO-SdBPM20260217073747.0ta100726s2006 dr 000 0 spa d aDO-SdBPMbspacBPMSU drda a  4a320.98bF363d 20062221 aFernández, Leonel,d1953-4aut.eautor 10aDemocracia y gobernabilidad /cLeonel Fernández Reyna, Fernando Gamarra, Marcos Villamán. aSanto Domingo :bCONARE,c2006. a40 páginas ;c23 cm. atextobtxt2rdacontent asin mediaciónbn2rdamedia avolumenbnc2rdacarrier0 aCuadernillos de la reforma0 aIntroducción, 7.-- Desafíos de la gobernabilidad en América Latina, 9.-- Más allá del consenso de Washington, 11.-- Responsabilidad de los actores, 13.-- La nueva izquierda latinoamericana, 17.-- ¿Cuán nueva es la Nueva Izquierda y por qué surgió?, 18.-- Las diferentes izquierdas en las Américas, 21.-- La gobernabilidad democrática y la Nueva Izquierda, 23.-- Conclusión, 25.-- Gobernabilidad y gobernanza en la República Dominicana, 27.-- Gobernabilidad y democracia: algunos hitos importantes, 27.-- Gobernabilidad y gobernanza, 29.-- Democracia electoral: importantes puntos ganados, 30.-- Participación, inclusión y gobernabilidad democrática, 31.-- Gobernabilidad democrática y equidad: el déficit pendiente de ciudadanía social, 34.-- Corrupción e impunidad, 36.-- Algunas conclusiones: gobernabilidad y gobernanza, los desafios reales, 36. aInventariado, 2026/VM 7aDemocracia zAmérica Latina 7a Izquierda (política)zAmérica Latina 7aAmérica Latina xPolítica y gobierno1 aGamarra, Fernando1 aVillamán, Marcos2 aConsejo Nacional de Reforma del Estado aVMateo V. Control de calidad. BPMSU  2ddccBK 00102ddc708CDaBPMETbBPMETd2026-02-17l0oBPMSU CD 320.98 F363d 2006pBPMSU26020099r2026-02-17w2026-02-17yBK c15699d15699